| 000 | 00674nam a2200229Ia 4500 | ||
|---|---|---|---|
| 003 | GCL | ||
| 008 | 140319s9999 xx 000 0 ara d | ||
| 040 |
_aGCL / _cGCL |
||
| 082 | 0 | 4 |
_a811.009 _bع ش |
| 100 | 1 | _aعلى الجندى | |
| 245 | 1 | 0 |
_aشعر الحرب فى العصر الجاهلى / _cعلى الجندى |
| 260 |
_a[S.N] : _bدار الفكر العربى ، _c1989 |
||
| 300 | _a620 ص | ||
| 490 | _a | ||
| 650 | 0 | 4 | _aالشعر العربى |
| 650 | 0 | 4 | _aالادب العربى |
| 650 | 0 | 4 | _aالعصر الجاهلى |
| 650 | 0 | 4 | _aالشعر الحماسى |
| 650 | 0 | 4 | _aتاريخ ونقد |
| 650 | 0 | 4 | _aالمجموعات |
| 942 |
_2ddc _cBK |
||
| 999 |
_c32322 _d32322 |
||